| 000 | 01539nac a22003851i 4500 | ||
|---|---|---|---|
| 003 | EG-ScBUE | ||
| 005 | 20260427085720.0 | ||
| 008 | 260427t1978 enka f b 001 0 eng d | ||
| 020 | _a1554070546 | ||
| 035 | _a(OCoLC)ocm56490509 | ||
| 040 |
_aEG-ScBUE _beng _erda _cEG-ScBUE _dEG-ScBUE |
||
| 082 | 0 | 4 |
_a552 _bHAM _222 |
| 100 | 1 |
_aHamilton, William Roger, _eauthor. |
|
| 245 | 1 | 4 |
_aThe Hamlyn guide to minerals, rocks and fossils / _cW.R. Hamilton, A.R. Woolley, A.C. Bishop. |
| 246 | 3 | _aGuide to minerals, rocks and fossils | |
| 264 | 1 |
_aLondon : _bThe Hamlyn Publishing Group, _c[1978] |
|
| 264 | 4 | _cc1978 | |
| 300 |
_a336 pages : _bcolor illustrations ; _c20 cm |
||
| 336 |
_2rdacontent _atext _btxt |
||
| 337 |
_aunmediated _2rdamedia _bn |
||
| 338 |
_avolume _bnc _2rdacarrier |
||
| 504 | _aIncludes bibliographical references and index. | ||
| 650 | 7 |
_aMineralogy _vPictorial works. _2BUEsh |
|
| 650 | 7 |
_aRocks _vPictorial works. _2BUEsh |
|
| 650 | 7 |
_aFossils _vPictorial works. _2BUEsh |
|
| 650 | 7 |
_aMineÌ?ralogie _vOuvrages illustreÌ?s. _2BUEsh |
|
| 650 | 7 |
_aRoches _vOuvrages illustreÌ?s. _2BUEsh |
|
| 650 | 7 |
_aFossiles _vOuvrages illustreÌ?s. _2BUEsh |
|
| 700 | 1 |
_aWoolley, Alan Robert, _eauthor. |
|
| 700 | 1 |
_aBishop, A. C., _eauthor. |
|
| 856 | 4 | 2 |
_3Publisher description _uhttp://www.loc.gov/catdir/enhancements/fy0626/2005280972-d.html |
| 856 | 4 | 2 |
_3Table of contents only _uhttp://www.loc.gov/catdir/enhancements/fy0626/2005280972-t.html |
| 942 |
_cBB _2ddc |
||
| 999 |
_c1788 _d1788 |
||